书目信息 |
| 题名: |
复合肥的生产与施用
|
|
| 作者: | 崔英德 编 | |
| 分册: | ||
| 出版信息: | 北京 化学工业出版社 1999.09 |
|
| 页数: | 398页 | |
| 开本: | 32开 | |
| 丛书名: | ||
| 单 册: | ||
| 中图分类: | S143 | |
| 科图分类: | ||
| 主题词: | 肥料学 | |
| 电子资源: | ||
| ISBN: | 7-5025-2609-9 | |
| 000 | 00550nam0 2200193 45 | |
| 001 | 0011160697 | |
| 005 | 20001116063018.5 | |
| 010 | @a7-5025-2609-9@d25.00元 | |
| 100 | @a20001116d1999 km y0chiy0120 ea | |
| 101 | 0 | @achi |
| 105 | @a z 000yy | |
| 200 | 1 | @a复合肥的生产与施用@AFu He Fei De Sheng Chan Yu Shi Yong@f崔英德编@FCui Ying De Bian |
| 210 | @a北京@c化学工业出版社@d1999.09 | |
| 215 | @a398页@d32开 | |
| 606 | 0 | @a肥料学 |
| 690 | @aS143@v3 | |
| 701 | 0 | @a崔英德@4编 |
| 801 | @aCN@bPftUser@c20001116 | |
| 905 | @b409714-716@dS143@eC153=2@f3 | |
| 复合肥的生产与施用/崔英德编.-北京:化学工业出版社,1999.09 |
| 398页;32开 |
| ISBN 7-5025-2609-9:25.00元 |
| ● |
| 相关链接 |
|
|
|
正题名:复合肥的生产与施用
索取号:S143/C153=2
 
预约/预借
| 序号 | 登录号 | 条形码 | 馆藏地/架位号 | 状态 | 备注 |
| 1 | 409714 | 204097146 | 自科库401/401自科库 66排5列5层/ [索取号:S143/C153=2] | 在馆 | |
| 2 | 409715 | 204097155 | 自科库401/401自科库 66排5列5层/ [索取号:S143/C153=2] | 在馆 | |
| 3 | 409716 | 204097164 | 自科库401/401自科库 66排5列5层/ [索取号:S143/C153=2] | 在馆 |